<?xml version="1.0" encoding="UTF-8"?>
<collection xmlns="http://www.loc.gov/MARC21/slim">
  <record>
    <leader>00000nam  2200000   4500</leader>
    <controlfield tag="001">INLIS000000000019159</controlfield>
    <controlfield tag="005">20250207035007</controlfield>
    <datafield tag="035" ind1="#" ind2="#">
      <subfield code="a">0010-0225000116</subfield>
    </datafield>
    <controlfield tag="007">ta</controlfield>
    <controlfield tag="008">250207################g##########0#ind##</controlfield>
    <datafield tag="100" ind1=" " ind2="#">
      <subfield code="a">Ilham</subfield>
    </datafield>
    <datafield tag="245" ind1="1" ind2="#">
      <subfield code="a">E-governance /</subfield>
      <subfield code="c">Ilham</subfield>
    </datafield>
    <datafield tag="260" ind1="#" ind2="#">
      <subfield code="a">Yogyakarta :</subfield>
      <subfield code="b">Deepublish,</subfield>
      <subfield code="c">2021</subfield>
    </datafield>
    <datafield tag="300" ind1="#" ind2="#">
      <subfield code="a">xii, 111 hlm. :</subfield>
      <subfield code="b">ill. ;</subfield>
      <subfield code="c">3.9 MB</subfield>
    </datafield>
    <datafield tag="650" ind1="#" ind2="4">
      <subfield code="a">E-Governance</subfield>
    </datafield>
    <datafield tag="082" ind1="#" ind2="#">
      <subfield code="a">321.09</subfield>
    </datafield>
    <datafield tag="084" ind1="#" ind2="#">
      <subfield code="a">321.09 ILH e</subfield>
    </datafield>
    <datafield tag="020" ind1="#" ind2="#">
      <subfield code="a">978-623-02-2813-1</subfield>
    </datafield>
    <datafield tag="520" ind1="#" ind2="#">
      <subfield code="a">Perkembangan Information and Communication Technologies (ICTs) atau Teknologi Informasi dan Komunikasi (TIK) terus mengalami perkembangan demikian pesatnya. Seiring dengan itu, pemerintah seluruh dunia terus berupaya mengadaptasikan pemanfaatan TIK untuk tujuan pemerintahan atau biasa disebut dengan E-Governance. Melalui E-Governance ini, maka tentunya diharapkan dapat memberikan peningkatan kualitas pelayanan publik yang demokratis, mewujudkan tata kelola pemerintahan yang baik (good governance), transparansi termasuk akuntabilitas dalam pelaksanaan pemerintahan.</subfield>
    </datafield>
    <datafield tag="856" ind1="#" ind2="#">
      <subfield code="a">https://web-ipustakalan.moco.co.id/book/514ab229-ab8d-4518-9db2-a819680214d0</subfield>
    </datafield>
  </record>
</collection>
